| 000 | 00654cam a22002411 4500 | ||
|---|---|---|---|
| 999 |
_c17747 _d17747 |
||
| 001 | 7878975 | ||
| 003 | BDDh-ASL | ||
| 005 | 20231015025632.0 | ||
| 008 | 721212s1947 mau 000 0 eng | ||
| 010 | _a 47004891 | ||
| 035 | _a(OCoLC)513277 | ||
| 040 |
_aDLC _cOWibfU _dBDDh-ASL _dBDDh-ASL |
||
| 042 | _apremarc | ||
| 050 | 0 | 0 |
_aDS423 _b.T3 |
| 082 |
_a300 _bTAR |
||
| 100 | 1 |
_aTaylor, Edmond, _d1908- |
|
| 245 | 1 | 0 |
_aRicher by Asia/ _cEdmond Taylor. |
| 260 |
_aBoston, _bHoughton Mifflin Co., _c1947. |
||
| 300 |
_ax, 432 p. _c22 cm. |
||
| 651 | 0 |
_aIndia _xCivilization. |
|
| 906 |
_a7 _bcbc _coclcrpl _du _encip _f19 _gy-gencatlg |
||
| 942 |
_2ddc _cBK |
||